000 00465nam a2200169 i 4500
001 98382
003 ES-MaACL
005 20230906182255.0
007 t|
008 050728s1972 sp ||||1| cat d
100 1 _aMartí i Pol, Miquel.
_977220
245 1 0 _aVint-i-set poemes en tres temps /
_cMiquel Martí i Pol.
250 _a[1ª ed.].
260 _aBarcelona :
_bEdiciones 62,
_c1972.
300 _a61 p. ;
_c18 cm.
852 _aES-MaACL
_jC-52755
_bR.83100
999 _c98382
_d98382